Foro Presidencial por la Excelencia de la Educación, situación y perspectivas de los departamentos de registros d la universidad y las IES / (Registro nro. 24205)

Detalles MARC
000 -LEADER
fixed length control field 00880nam a22001937a 4500
003 - CONTROL NUMBER IDENTIFIER
control field DO-CoUTE
005 - DATE AND TIME OF LATEST TRANSACTION
control field 20260520124346.0
008 - FIXED-LENGTH DATA ELEMENTS--GENERAL INFORMATION
fixed length control field 260520b dr ||||| |||| 00| 0 spa d
040 ## - CATALOGING SOURCE
Original cataloging agency DO-CoUTE
Language of cataloging spa
Transcribing agency DO-CoUTE
082 ## - DEWEY DECIMAL CLASSIFICATION NUMBER
Classification number RD 370.97293D295
110 1# - MAIN ENTRY--CORPORATE NAME
Corporate name or jurisdiction name as entry element Secretaría de Estado de Educación Superior, Ciencias y Tecnologia
Relator term Autor
245 10 - TITLE STATEMENT
Title Foro Presidencial por la Excelencia de la Educación, situación y perspectivas de los departamentos de registros d la universidad y las IES /
Statement of responsibility, etc. Secretaría de Estado de Educación Superior, Ciencias y Tecnologia
260 ## - PUBLICATION, DISTRIBUTION, ETC.
Place of publication, distribution, etc. Santo Domingo, República Dominicana :
Name of publisher, distributor, etc. Editoras de colores,
Date of publication, distribution, etc. 2006
300 ## - PHYSICAL DESCRIPTION
Extent 52 Paginas :
Dimensions 22cm,
504 ## - BIBLIOGRAPHY, ETC. NOTE
Bibliography, etc. note Incluye referencia bibliográfica e índice.<br/>
650 #4 - SUBJECT ADDED ENTRY--TOPICAL TERM
Topical term or geographic name entry element Foro
710 1# - ADDED ENTRY--CORPORATE NAME
Corporate name or jurisdiction name as entry element Secretaría de Estado de Educación Superior, Ciencias y Tecnologia
Relator term Autor
942 ## - ADDED ENTRY ELEMENTS (KOHA)
Source of classification or shelving scheme Dewey Decimal Classification
Koha item type Libros
Existencias
Withdrawn status Lost status Source of classification or shelving scheme Damaged status Not for loan Collection code Home library Current library Shelving location Date acquired Inventory number Total Checkouts Full call number Barcode Date last seen Copy number Price effective from Koha item type
    Dewey Decimal Classification     Colección Dominicana Biblioteca UTECO Biblioteca UTECO En Estantería 05/20/2026 023377   RD370.97293D295 023377 05/20/2026 Ej.1 05/20/2026 Libros
© 2021 Derechos Reservados UTECO - Teléfono: +1 809-585-2291 - Correo electrónico: biblioteca@uteco.edu.do​  
Código postal 43000 ​​
Dirección: Avenida Universitaria No. 100, 
Cotuí, Provincia Sánchez Ramírez, República Dominicana - RNC: 404-00059-6